|
|
|
|
| LEADER |
01407nam a2200385Ia 4500 |
| 001 |
EBC996481 |
| 003 |
MiAaPQ |
| 005 |
20200520144314.0 |
| 006 |
m o d | |
| 007 |
cr cn||||||||| |
| 008 |
991006s2000 caua sb 000 0 eng d |
| 010 |
|
|
|z 99050479
|
| 020 |
|
|
|z 0761912363 (cloth : alk. paper)
|
| 020 |
|
|
|z 0761912371 (paper : alk. paper)
|
| 020 |
|
|
|z 9780761912361
|
| 020 |
|
|
|z 9781452221861
|
| 035 |
|
|
|a (MiAaPQ)EBC996481
|
| 035 |
|
|
|a (Au-PeEL)EBL996481
|
| 035 |
|
|
|a (CaPaEBR)ebr10581810
|
| 035 |
|
|
|a (CaONFJC)MIL672605
|
| 035 |
|
|
|a (OCoLC)809772012
|
| 040 |
|
|
|a MiAaPQ
|c MiAaPQ
|d MiAaPQ
|
| 050 |
|
4 |
|a HF5813.U6
|b A654 2000
|
| 082 |
0 |
4 |
|a 659.1
|2 21
|
| 245 |
0 |
0 |
|a Advertising organizations and publications
|h [electronic resource] :
|b a resource guide /
|c edited by John Philip Jones.
|
| 260 |
|
|
|a Thousand Oaks, Calif. :
|b Sage Publications, Inc.,
|c c2000.
|
| 300 |
|
|
|a xviii, 346 p. :
|b ill.
|
| 504 |
|
|
|a Includes bibliographical references.
|
| 533 |
|
|
|a Electronic reproduction. Ann Arbor, MI : ProQuest, 2015. Available via World Wide Web. Access may be limited to ProQuest affiliated libraries.
|
| 650 |
|
0 |
|a Advertising
|z United States.
|
| 650 |
|
0 |
|a Advertising.
|
| 655 |
|
4 |
|a Electronic books.
|
| 700 |
1 |
|
|a Jones, John Philip.
|
| 710 |
2 |
|
|a ProQuest (Firm)
|
| 856 |
4 |
0 |
|u https://ebookcentral.proquest.com/lib/matrademy/detail.action?docID=996481
|z Click to View
|